Элетромагнитно-эмиссионный метод контроля качества диэлектрических и композиционных материалов при ультразвуковом нагружении изделий; Дефектоскопия; № 11

書誌詳細
Parent link:Дефектоскопия.— , 1965-
№ 11.— 1993.— С. 3-9
第一著者: Чахлов В. Л. Владимир Лукьянович
その他の著者: Симанчук В. И., Каргапольцев А. В.
言語:ロシア語
出版事項: 1993
主題:
フォーマット: MixedMaterials 図書の章
KOHA link:https://koha.lib.tpu.ru/cgi-bin/koha/opac-detail.pl?biblionumber=521627

MARC

LEADER 00000naa2a2200000 4500
001 521627
005 20231101110613.0
035 |a (RuTPU)RU\TPU\prd\201423 
035 |a RU\TPU\prd\199689 
090 |a 521627 
100 |a 20131111a1993 k y0rusy50 ca 
101 0 |a rus 
102 |a RU 
200 1 |a Элетромагнитно-эмиссионный метод контроля качества диэлектрических и композиционных материалов при ультразвуковом нагружении изделий  |f В. Л. Чахлов, В. И. Симанчук, А. В. Каргапольцев 
320 |a Библиогр.: с. 8-9 (5 назв.) 
461 0 |0 (RuTPU)RU\TPU\prd\151  |t Дефектоскопия  |d 1965- 
463 0 |0 (RuTPU)RU\TPU\prd\87681  |t № 11  |v С. 3-9  |d 1993 
610 1 |a труды учёных ТПУ 
700 1 |a Чахлов  |b В. Л.  |c физик  |c заслуженный деятель науки и техники Российской Федерации  |c заслуженный профессор Томского политехнического университета, доктор технических наук  |f 1934-2011  |g Владимир Лукьянович  |2 stltpush  |3 (RuTPU)RU\TPU\pers\19882 
701 1 |a Симанчук  |b В. И. 
701 1 |a Каргапольцев  |b А. В. 
801 1 |a RU  |b 63413507  |c 20020409  |g PSBO 
801 2 |a RU  |b 63413507  |c 20140204  |g PSBO 
942 |c BK